| 000 -LEADER |
| fixed length control field |
00608nam a2200181 a 4500 |
| 020 ## - INTERNATIONAL STANDARD BOOK NUMBER |
| ISBN |
1587133261 (paperback) |
| 020 ## - INTERNATIONAL STANDARD BOOK NUMBER |
| ISBN |
9781587133268 (paperback) |
| 082 ## - DEWEY DECIMAL CLASSIFICATION NUMBER |
| Classification number |
004.6CIS |
| 100 1# - MAIN ENTRY--AUTHOR NAME |
| Personal name |
Academy, Cisco Networking. |
| 245 10 - TITLE STATEMENT |
| Title |
Switched Networks: course booklet |
| 250 ## - EDITION STATEMENT |
| Edition statement |
1st ed. |
| 260 ## - PUBLICATION, DISTRIBUTION, ETC. (IMPRINT) |
| Place of publication |
USA: |
| Name of publisher |
Cisco Press, |
| Year of publication |
2014. |
| 300 ## - PHYSICAL DESCRIPTION |
| Number of Pages |
250 p. ; |
| 490 1# - SERIES STATEMENT |
| Series statement |
Course booklets. |
| 650 ## - SUBJECT ADDED ENTRY--TOPICAL TERM |
| Topical Term |
Local area networks (Computer networks) |
| -- |
Packet switching (Data transmission) |
| -- |
Wireless Application Protocol (Computer network protocol) |
| 856 ## - ELECTRONIC LOCATION AND ACCESS |
| Uniform Resource Identifier |
http://10.10.170.122:8080/browse/book/2737 |
| 942 ## - ADDED ENTRY ELEMENTS (KOHA) |
| Koha item type |
Books |